Countries Bordering the Most Bordered Countries - Statistics

General Stats
  • This quiz has been taken 395 times
    326 since last reset
  • The average score is 23 of 25
Answer Stats
Country % Correct
Mongolia
98%
North Korea
98%
India
97%
Kazakhstan
97%
Ukraine
97%
Vietnam
97%
Bhutan
96%
Nepal
96%
Georgia
95%
Laos
95%
Latvia
95%
Azerbaijan
94%
Belarus
94%
Finland
94%
Lithuania
94%
Estonia
93%
Kyrgyzstan
93%
Tajikistan
93%
Pakistan
92%
Afghanistan
91%
Burma
91%
Poland
90%
Russia
87%
Norway
86%
China
85%
No matching quizzes found
Score Distribution
Percent of People with Each Score
Percentile by Number Answered
Your Score History
You have not taken this quiz since the last reset